000 00272nam a2200109Ia 4500
008 220204s9999 xx 000 0 und d
082 _a66(058)(540)
_bIND
245 0 _aIndustrial directory of India
250 _aEd.2
260 _aBaroda
_bIndian Export
_c1962
942 _cBK
999 _c19796
_d19796